|
|
|
|
| LEADER |
00000nam0a2200000 4500 |
| 001 |
36612 |
| 005 |
20231031002131.0 |
| 035 |
|
|
|a (RuTPU)RU\TPU\book\37088
|
| 035 |
|
|
|a BOOK00003740
|
| 090 |
|
|
|a 36612
|
| 100 |
|
|
|a 20011210d1984 k y0rusy50 ca
|
| 101 |
0 |
|
|a rus
|
| 102 |
|
|
|a RU
|
| 105 |
|
|
|a a g 000zy
|
| 200 |
1 |
|
|a Экономика и хозяйственный механизм геологоразведочного производства
|f Э. А. Азроянц
|
| 210 |
|
|
|a Москва
|c Недра
|d 1984
|
| 215 |
|
|
|a 188 с.
|
| 610 |
1 |
|
|a экономика
|
| 610 |
1 |
|
|a геология
|
| 610 |
1 |
|
|a геологоразведочные работы
|
| 610 |
1 |
|
|a минеральное сырье
|
| 610 |
1 |
|
|a планирование
|
| 610 |
1 |
|
|a нормирование
|
| 610 |
1 |
|
|a финансирование
|
| 610 |
1 |
|
|a учет
|
| 610 |
1 |
|
|a оплата труда
|
| 610 |
1 |
|
|a справочники
|
| 675 |
|
|
|a 550.8.02(035)
|v 3
|
| 700 |
|
1 |
|a Азроянц
|b Э. А.
|g Эдуард Арсеньевич
|
| 801 |
|
0 |
|a RU
|b 63413507
|c 20011210
|g PSBO
|
| 801 |
|
2 |
|a RU
|b 63413507
|c 20160407
|g PSBO
|
| 900 |
|
|
|a Организация, нормирование и оплата труда
|
| 900 |
|
|
|a Экономика и организация труда
|
| 900 |
|
|
|a Экономика и организация геологоразведочных работ
|
| 900 |
|
|
|a Экономика предприятия и основы управления производством
|
| 942 |
|
|
|c BK
|